Measure for Measure Franchise - Statistics

General Stats
  • This quiz has been taken 9 times
  • The average score is 2 of 8
Answer Stats
Type Year Name Info % Correct
Play 1604 Measure for Measure William Shakespeare
100%
Film 1943 Measure for Measure Artisti Associati
100%
Musical 2017 Desperate Measures David Friedman
14%
Poem 1830 Mariana Alfred, Lord Tennyson
14%
Painting 1851 Mariana John Everett Millais
14%
Opera 1836 Das Liebesverbot Richard Wagner
0%
Play 1936 Round Heads and Pointed Heads Bertolt Brecht
0%
Play 1662 The Law Against Lovers William Davenant
0%
No matching quizzes found
Score Distribution
Percent of People with Each Score
Percentile by Number Answered
Your Score History
You have not taken this quiz